000 00453nam a2200169Ia 4500
003 GCL
008 140319s9999 xx 000 0 ara d
040 _aGCL /
_cGCL
082 0 4 _a813.01
_bس ب
100 1 _aسعيد الكفراوى
245 1 0 _aبيت للعابرين /
_cسعيد الكفراوى
300 _a113 ص
490 _a100 قصة
_v0
650 0 4 _aالادب العربى
650 0 4 _aالقصة القصيرة
942 _2ddc
_cBK
999 _c43523
_d43523